La Descentralización del estado en Nicaragua

Esta publicación es el informe sobre el proceso de descentralización en Nicaragua, el cual forma parte de una investigación regional coordinada por FLACSO, Programa El Salvador, que pretende dar cuenta de los antecedentes inmediatos y la situación actual de este país centroamericano. Su finalidad fu...

Повний опис

Збережено в:
Бібліографічні деталі
Автор: Ortega Hegg, Manuel
Співавтор: FLACSO. Progama El Salvador
Формат: Текст
Опубліковано: Managua
Предмети:
Теги: Додати тег
Немає тегів, Будьте першим, хто поставить тег для цього запису!

MARC

LEADER 00000 a a2200000 04500
001 33052
003
040
090 |a 206200  
100 |a Ortega Hegg, Manuel  
110 |a FLACSO. Progama El Salvador  
245 |a La Descentralización del estado en Nicaragua  
260 |a Managua  
300 |a 64 p.  
520 |a Esta publicación es el informe sobre el proceso de descentralización en Nicaragua, el cual forma parte de una investigación regional coordinada por FLACSO, Programa El Salvador, que pretende dar cuenta de los antecedentes inmediatos y la situación actual de este país centroamericano. Su finalidad fue identificar las propuestas de descentralización que se hayan planteado en los últimos años, o en su defecto, los hitos recientes más importantes al respecto. En este caso, coinciden con la experiencia de la regionalización impulsada por el gobierno sandinista (1979-1990) desde 1982 y la propuesta y experiencias de descentralización llevadas a cabo por el gobierno de la Unión Nacional Opositora (UNO), conducido por Violeta Chamorro (1990-1997). A partir de allí, se pretendió analizar tres dimensiones básicas: a) la dimensión política del progreso, es decir, los motivos y objetivos finales de la descentralización y qué entidades la han pretendido llevar adelante, b) la dimensión organizacional, es decir, el nivel de gobierno a que se trasladan las competencias y recursos y el rol asignado a los municipios en la misma, y c) la dimensión fiscal, es decir, los ingresos y gastos relacionados con las propuestas de descentralización  
650 |a NICARAGUA  
650 |a DESCENTRALIZACION  
650 |a REFORMA ADMINISTRATIVA  
650 |a DELEGACION DE LA TOMA DE DECISIONES  
650 |a GOBIERNO LOCAL  
650 |a DESARROLLO REGIONAL  
650 |a HISTORIA  
650 |a DICTADURA  
650 |a DESARROLLO POLITICO  
650 |a REVOLUCION  
650 |a REGIONALIZACION  
650 |a ADMINISTRACION FISCAL  
650 |a SISTEMA DE SALUD  
650 |a DEMOCRATIZACION  
999 |c 2654  |d 2654